Szczegóły MARC21

Der Grenzgang : Novellen /

003 -Nazwa inst., której nr kontr. jest w polu 001 [,]
    • @
    • Nazwa instytucji, której n kontrolny jest w polu 001
    • NUKAT
005 -DATA I CZAS OSTATNIEJ MODYFIKACJI [,]
    • @
    • pole kontrolne
    • 20250530084745.0
020 -Międzynarod. znormalizowany nr książki - ISBN [ , ]
    • a
    • Numer ISBN
    • 3893981128 Find
040 -Instytucja sporządzająca opis [ , ]
    • a
    • Instytucja, która sporządziła opis (NP)
    • Ł U/BKG
    • c
    • Instytucja, która sporządziła rekord (NP)
    • Ł U/BKG
    • d
    • Instytucja, która zmodyfikowała rekord (P)
    • Ł U/AS
    • d
    • Instytucja, która zmodyfikowała rekord (P)
    • Ł U/ASs
942 -Rodzaj dokumentu [ , ]
    • c
    • Rodzaj dokumentu
    • Książka
100 -Hasło główne - nazwa osobowa [1, ]
    • a
    • Nazwa osobowa (NP)
    • Bock, Alfred
    • d
    • Daty biograficzne (NP)
    • (1859-1932).
    • 9
    • KHW
    • 278241
245 -Strefa tytułu i oznaczenia odpowiedzialności [1,4]
    • a
    • Tytuł
    • Der Grenzgang : Find
    • b
    • Ciąg dalszy tytułu (NP)
    • Novellen / Find
    • c
    • Pozostałe elementy strefy tytułu i oznaczenia odpowiedzialności (NP)
    • Alfred Bock ; mit einem Nachw. von Erwin Leibfried.
260 -Strefa adresu wydawniczego [ , ]
    • a
    • Miejsce wydania (P)
    • Marburg :
    • b
    • Nazwa wydawcy (P)
    • Hitzeroth,
    • c
    • Data wydania (P)
    • cop. 1992.
300 -Strefa opisu fizycznego [ , ]
    • a
    • Określenie formy książki i/lub objętość (NP)
    • 136 s. ;
    • c
    • Format (NP)
    • 19 cm.
336 -Typ zawartości [ , ]
    • a
    • Termin opisujący typ zawartości
    • Tekst
    • b
    • Kod określający zawartość
    • txt
    • 2
    • Źródło (terminu i kodu)
    • rdacontent
337 -Typ mediów [ , ]
    • a
    • Tryb odtwarzania
    • Bez urządzenia pośredniczącego
    • b
    • Kod typu mediów
    • n
    • 2
    • Źródło (terminu i kodu)
    • rdamedia
338 -Typ/rodzaj nośnika [ , ]
    • a
    • Hasło opisujące typ nośnika
    • Wolumin
    • b
    • Kod typu nośnika
    • nc
    • 2
    • Źródło (terminu i kodu)
    • rdacarrier
490 -Strefa serii i książki wielotomowej - forma nie do wyszukiwania [1, ]
    • a
    • Tytuł (P)
    • Gesammelte Werke / Alfred Bock ; Find
    • v
    • Numeracja (P)
    • Bd. 1
080 -Uniwersalna Klasyfikacja Dziesiętna [ , ]
    • a
    • Symbol klasyfikacji
    • 830-32=30
655 -Hasło w funkcji tematu formalnego [ ,7]
    • a
    • Hasło
    • Nowele niemieckie
    • y
    • Określnik chronologiczny
    • 1900-1945.
    • 2
    • Źródło terminu
    • kaba
    • 9
    • KHW
    • 358587
980 -Symbol UKD [ , ]
    • a
    • UKD
    • 830-32=30
700 -Hasło dodatkowe - nazwa osobowa [1, ]
    • a
    • Nazwa osobowa (NP)
    • Leibfried, Erwin Find
    • d
    • Daty biograficzne (NP)
    • (1942-2019).
    • e
    • Określenie rodzaju współpracy
    • Posł.
    • 9
    • KHW
    • 287053
800 -Hasło dodatkowe opisu książki wielotomowej - nazwa osobowa [1, ]
    • a
    • Nazwa osobowa (NP)
    • Bock, Alfred
    • d
    • Daty biograficzne (NP)
    • (1859-1932).
    • t
    • Tytuł ujednolicony/tytuł (NP)
    • Gesammelte Werke
    • v
    • Oznaczenie tomu (NP)
    • Bd. 1
    • 9
    • KHW
    • 633107
920 -ISBN [ , ]
    • a
    • ISBN
    • 3-89398-112-8 Find
Data inwentaryzacji Lokalizacja Numer inwentarzowy Status udost. Sygnatura
2000-12-05BMG.15014-3 
2000-12-05BMG.15013-3Germ. Opowiadania niemieckie